<?xml version="1.0" encoding="UTF-8"?>
<record
    xmlns:xsi="http://www.w3.org/2001/XMLSchema-instance"
    xsi:schemaLocation="http://www.loc.gov/MARC21/slim http://www.loc.gov/standards/marcxml/schema/MARC21slim.xsd"
    xmlns="http://www.loc.gov/MARC21/slim">

  <leader>01764nam a22002897i 4500</leader>
  <datafield tag="999" ind1=" " ind2=" ">
    <subfield code="c">23658</subfield>
    <subfield code="d">23658</subfield>
  </datafield>
  <controlfield tag="003">AR-CdUCM</controlfield>
  <controlfield tag="008">260429b2023       do||| |||| 00| 0 spa d</controlfield>
  <datafield tag="020" ind1=" " ind2=" ">
    <subfield code="a">978-612-45900-6-1</subfield>
  </datafield>
  <datafield tag="040" ind1=" " ind2=" ">
    <subfield code="a">MUNICIPALIDAD PROVINCIAL DEL CUSCO</subfield>
    <subfield code="c">BIBLIOTECA MUNICIPAL DEL CUSCO</subfield>
  </datafield>
  <datafield tag="082" ind1=" " ind2=" ">
    <subfield code="2">4&#xAA; Ed.</subfield>
    <subfield code="a">616.0252</subfield>
    <subfield code="b">M36</subfield>
  </datafield>
  <datafield tag="100" ind1=" " ind2=" ">
    <subfield code="a">Medina Cabrera, Alejandro</subfield>
  </datafield>
  <datafield tag="245" ind1=" " ind2=" ">
    <subfield code="a">Primeros auxilios e inyectables / </subfield>
  </datafield>
  <datafield tag="260" ind1=" " ind2=" ">
    <subfield code="a">Lima, Per&#xFA; : </subfield>
    <subfield code="b">Edigraber</subfield>
    <subfield code="c">2023</subfield>
  </datafield>
  <datafield tag="300" ind1=" " ind2=" ">
    <subfield code="a">800 p&#xE1;ginas. : </subfield>
    <subfield code="c">14,5x20 cm.</subfield>
  </datafield>
  <datafield tag="500" ind1=" " ind2=" ">
    <subfield code="z">Bibliograf&#xED;a : p&#xE1;gina 800 </subfield>
  </datafield>
  <datafield tag="505" ind1=" " ind2=" ">
    <subfield code="a">Introducci&#xF3;n a los primeros auxilios -- Evaluaci&#xF3;n inicial del paciente -- Signos vitales y su control -- Bioseguridad en la atenci&#xF3;n de emergencias -- Manejo de heridas y hemorragias -- Tratamiento de quemaduras -- Fracturas, esguinces y luxaciones -- Reanimaci&#xF3;n cardiopulmonar (RCP) b&#xE1;sica -- Obstrucci&#xF3;n de v&#xED;as a&#xE9;reas y maniobras de desobstrucci&#xF3;n -- Atenci&#xF3;n en casos de shock -- Intoxicaciones y envenenamientos -- Emergencias m&#xE9;dicas comunes -- Transporte adecuado de pacientes -- Principios de farmacolog&#xED;a b&#xE1;sica -- T&#xE9;cnicas de inyecci&#xF3;n intrad&#xE9;rmica -- T&#xE9;cnicas de inyecci&#xF3;n subcut&#xE1;nea -- T&#xE9;cnicas de inyecci&#xF3;n intramuscular -- Preparaci&#xF3;n y administraci&#xF3;n de medicamentos -- Materiales e instrumentos para inyectables -- Normas de asepsia y antisepsia -- Manejo de residuos biocontaminados</subfield>
  </datafield>
  <datafield tag="650" ind1=" " ind2=" ">
    <subfield code="a">Primeros auxilios</subfield>
    <subfield code="9">24100</subfield>
  </datafield>
  <datafield tag="650" ind1=" " ind2=" ">
    <subfield code="a">Inyecciones (Medicina)</subfield>
    <subfield code="9">52790</subfield>
  </datafield>
  <datafield tag="650" ind1=" " ind2=" ">
    <subfield code="a">Atenci&#xF3;n de emergencias</subfield>
    <subfield code="9">52791</subfield>
  </datafield>
  <datafield tag="650" ind1=" " ind2=" ">
    <subfield code="a">Enfermer&#xED;a b&#xE1;sica</subfield>
    <subfield code="9">52792</subfield>
  </datafield>
  <datafield tag="650" ind1=" " ind2=" ">
    <subfield code="a">T&#xE9;cnicas de inyecci&#xF3;n</subfield>
    <subfield code="9">52793</subfield>
  </datafield>
  <datafield tag="650" ind1=" " ind2=" ">
    <subfield code="a">Procedimientos m&#xE9;dicos b&#xE1;sicos</subfield>
    <subfield code="9">52794</subfield>
  </datafield>
  <datafield tag="856" ind1=" " ind2=" ">
    <subfield code="f">www.edigraberperu.com</subfield>
  </datafield>
  <datafield tag="942" ind1=" " ind2=" ">
    <subfield code="2">ddc</subfield>
    <subfield code="c">LIBROS</subfield>
  </datafield>
  <datafield tag="945" ind1=" " ind2=" ">
    <subfield code="a">esh</subfield>
    <subfield code="d">29-04-2026</subfield>
  </datafield>
  <datafield tag="952" ind1=" " ind2=" ">
    <subfield code="0">0</subfield>
    <subfield code="2">ddc</subfield>
    <subfield code="4">0</subfield>
    <subfield code="7">0</subfield>
    <subfield code="a">SC</subfield>
    <subfield code="b">SC</subfield>
    <subfield code="c">CART</subfield>
    <subfield code="d">2026-04-29</subfield>
    <subfield code="e">Donaci&#xF3;n</subfield>
    <subfield code="g">40.00</subfield>
    <subfield code="o">616.0252 / M36</subfield>
    <subfield code="p">SC0000002492</subfield>
    <subfield code="r">2026-04-29</subfield>
    <subfield code="y">LIBROS</subfield>
  </datafield>
  <datafield tag="952" ind1=" " ind2=" ">
    <subfield code="0">0</subfield>
    <subfield code="2">ddc</subfield>
    <subfield code="4">0</subfield>
    <subfield code="7">0</subfield>
    <subfield code="a">SC</subfield>
    <subfield code="b">SC</subfield>
    <subfield code="c">CART</subfield>
    <subfield code="d">2026-04-29</subfield>
    <subfield code="e">Donaci&#xF3;n</subfield>
    <subfield code="g">40.00</subfield>
    <subfield code="o">616.0252 / M36 / e.2</subfield>
    <subfield code="p">SC0000002498</subfield>
    <subfield code="r">2026-04-29</subfield>
    <subfield code="y">LIBROS</subfield>
  </datafield>
</record>
